| 000 | 00426nam a22001697a 4500 | ||
|---|---|---|---|
| 005 | 20230821121401.0 | ||
| 008 | 230818b |||||||| |||| 00| 0 eng d | ||
| 020 | _a0-8036-4025-0 | ||
| 041 | _aeng | ||
| 082 | _a615.8'45 GER- E | ||
| 100 |
_aGERSH, MERYLROTH _98160 |
||
| 245 | _aELECTROTHERAPY IN REHABILITATION | ||
| 260 |
_aPHILADELPHIA _bF.A.DAVIS COMPANY _c1992 |
||
| 300 | _a413;p | ||
| 650 |
_aBPT _98161 |
||
| 942 | _cBK | ||
| 999 |
_c8410 _d8408 |
||